Aufbau des Spalbeines der Crustacea - Statistiken

Allgemein
  • Dieses Quiz wurde 17 mal gespielt
  • Das Durchschnittsergebnis liegt bei 4 aus 7
Antwortstatistiken
Bildquiz Antwort % Korrekt
1. Endit
100%
3. Exopodit (Aussenast)
50%
4. Endopodit (Innenast)
50%
6. Coxa
50%
7. Basis
50%
2. Exit (Epipodit)
25%
5. Protopodit
25%
Keine übereinstimmenden Quizze gefunden
Verteilung der Resultate
Anzahl Personen mit jedem Resultat
Perzentil nach korrekt beantworteten Fragen
Ihre Resultats-Entwicklung
Sie haben dieses Quiz noch nicht gespielt